[Event "SVK ECo-C Extraliga 2021-22"]
[Site "Slovakia"]
[Date "2022.06.12"]
[Round "11.4"]
[White "Jurcik, Martin"]
[Black "Hujbert, Florian"]
[Result "0-1"]
[WhiteElo "2391"]
[BlackElo "2396"]
[Annotator "TA"]
[PlyCount "154"]
[EventDate "2021.10.21"]
[EventType "team-tourn"]
[EventCountry "SVK"]
[SourceTitle "playchess.com"]
[Source "ChessBase"]
[SourceQuality "1"]

1. c4 e6 2. Nf3 Nf6 3. b3 b6 4. Bb2 Bb7 5. e3 d5 6. d4 Bd6 7. Nbd2 O-O 8. Bd3 Nbd7 9. O-O Ne4 10. Qc2 f5 11. cxd5 exd5 12. Ne5 Qe7 13. f4 Ndf6 14. Ndf3 c5 15. Qe2 a5 16. Bb5 Rac8 17. Rac1 Rc7 18. Rc2 Ra8 19. Rfc1 Ra7 20. Ba3 a4 21. dxc5 bxc5 22. Bxa4 Ba6 23. Qd1 Bb5 24. Bxb5 Rxa3 25. Qe2 Qe6 26. Nc4 Raa7 27. a4 h6 28. b4 cxb4 29. Nd4 Qf7 30. Nxd6 Nxd6 31. Nc6 b3 32. Rb2 d4 33. exd4 Nxb5 34. axb5 Ra2 35. Rxa2 bxa2 36. Ra1 Kh7 37. Qxa2 Qd7 38. Qc4 Qd6 39. d5 Rb7 40. Rd1 Ne4 41. Ne5 Qb6+ 42. Qd4 Qxb5 43. d6 Qe2 44. h3 Rb2 45. Qxb2 Qxb2 46. d7 Qf2+ 47. Kh1 Qxf4 48. d8=Q Nf2+ 49. Kg1 Nxd1 50. Qxd1 Qxe5 51. Qh5 Qe3+ 52. Kh1 Qg5 53. Qf3 Qf6 54. Qh5 g6 55. Qf3 h5 56. Qf4 g5 57. Qf3 Kh6 58. Qa8 Qe6 59. Qf8+ Kg6 60. Qd8 g4 61. hxg4 hxg4 62. g3 Qe4+ 63. Kg1 Qe3+ 64. Kg2 Qf3+ 65. Kh2 Qf2+ 66. Kh1 Qf1+ 67. Kh2 Qh3+ 68. Kg1 Qxg3+ 69. Kh1 Qf3+ 70. Kg1 Qe3+ 71. Kg2 Qe4+ 72. Kf2 Qe6 73. Kg3 Qe5+ 74. Kf2 Kh5 75. Qg8 Qf4+ 76. Kg2 Qd2+ 77. Kg1 Kh4 0-1

[Event "SVK ECo-C Extraliga 2021-22"]
[Site "Slovakia"]
[Date "2022.06.12"]
[Round "11.4"]
[White "Motuz, Karol"]
[Black "Kraus, Tomas"]
[Result "1/2-1/2"]
[WhiteElo "2315"]
[BlackElo "2477"]
[Annotator "TA"]
[PlyCount "55"]
[EventDate "2021.10.21"]
[EventType "team-tourn"]
[EventCountry "SVK"]
[SourceTitle "playchess.com"]
[Source "ChessBase"]
[SourceQuality "1"]

1. d4 d5 2. c4 e6 3. Nf3 a6 4. Nc3 dxc4 5. a4 Nc6 6. e3 Na5 7. Nd2 c5 8. Nxc4 Nf6 9. Be2 Nxc4 10. Bxc4 Bd7 11. d5 exd5 12. Nxd5 Be6 13. Nxf6+ Qxf6 14. Qb3 O-O-O 15. O-O Be7 16. e4 Bxc4 17. Qxc4 Rd4 18. Qc2 Qe6 19. f3 Qc4 20. Qf2 Rhd8 21. Be3 R4d7 22. Rac1 Qxa4 23. Bxc5 Bxc5 24. Qxc5+ Kb8 25. Qe5+ Ka7 26. Qxg7 f5 27. Qe5 fxe4 28. fxe4 1/2-1/2

[Event "SVK ECo-C Extraliga 2021-22"]
[Site "Slovakia"]
[Date "2022.06.12"]
[Round "11.5"]
[White "Chovan, Milan"]
[Black "Vojtek, Vladimir"]
[Result "1/2-1/2"]
[WhiteElo "2339"]
[BlackElo "2288"]
[Annotator "TA"]
[PlyCount "33"]
[EventDate "2021.10.21"]
[EventType "team-tourn"]
[EventCountry "SVK"]
[SourceTitle "playchess.com"]
[Source "ChessBase"]
[SourceQuality "1"]

1. d4 d5 2. c4 e6 3. Nc3 Be7 4. cxd5 exd5 5. Bf4 c6 6. e3 Bf5 7. g4 Be6 8. h3 h5 9. Bg2 Nd7 10. Qe2 Nh6 11. O-O-O Qa5 12. Kb1 O-O-O 13. g5 Nf5 14. Nf3 Bd6 15. Bxd6 Nxd6 16. Rc1 Kb8 17. Ka1 1/2-1/2

[Event "SVK ECo-C Extraliga 2021-22"]
[Site "Slovakia"]
[Date "2022.06.12"]
[Round "11.5"]
[White "Urhegyi, Marton"]
[Black "Straka, Jozef"]
[Result "1-0"]
[WhiteElo "2253"]
[BlackElo "2319"]
[Annotator "TA"]
[PlyCount "73"]
[EventDate "2021.10.21"]
[EventType "team-tourn"]
[EventCountry "SVK"]
[SourceTitle "playchess.com"]
[Source "ChessBase"]
[SourceQuality "1"]

1. e4 e5 2. Nf3 Nf6 3. Nxe5 d6 4. Nf3 Nxe4 5. d4 d5 6. Bd3 Nc6 7. O-O Be7 8. Re1 Bg4 9. c3 f5 10. Qb3 Qd6 11. Nfd2 O-O-O 12. f3 Bh4 13. Rf1 Bf2+ 14. Rxf2 Nxf2 15. Kxf2 Qxh2 16. Nf1 Qh4+ 17. Kg1 Bxf3 18. gxf3 Qh3 19. Qc2 Qxf3 20. Be2 Qe4 21. Bd3 Qf3 22. Qe2 Qxe2 23. Bxe2 h6 24. Bd3 Rhf8 25. Ng3 Ne7 26. Bf4 g5 27. Be5 f4 28. Nh5 Nf5 29. Bxf5+ Rxf5 30. Nd2 f3 31. Kf2 g4 32. Ng3 Rf7 33. Rh1 Rh7 34. Ndf1 c5 35. Ne3 Rg8 36. Nxd5 Rg5 37. Nf6 1-0

[Event "SVK ECo-C Extraliga 2021-22"]
[Site "Slovakia"]
[Date "2022.06.12"]
[Round "11.5"]
[White "Hros, Roman"]
[Black "Borhy, Marcell"]
[Result "0-1"]
[WhiteElo "2246"]
[BlackElo "2381"]
[Annotator "TA"]
[PlyCount "54"]
[EventDate "2021.10.21"]
[EventType "team-tourn"]
[EventCountry "SVK"]
[SourceTitle "playchess.com"]
[Source "ChessBase"]
[SourceQuality "1"]

1. e4 c5 2. Be2 Nc6 3. f4 g6 4. Nf3 Bg7 5. d3 Nf6 6. O-O O-O 7. c3 b5 8. a3 Qb6 9. Kh1 a5 10. Be3 d6 11. Nbd2 Ba6 12. Qe1 b4 13. Qh4 e6 14. f5 exf5 15. Bg5 Nxe4 16. dxe4 Bxe2 17. exf5 bxc3 18. bxc3 f6 19. fxg6 hxg6 20. Ne4 Bxf1 21. Rxf1 Qd8 22. Rd1 d5 23. Nxc5 Qe7 24. Rxd5 fxg5 25. Qc4 Qf7 26. h3 Ne7 27. Nxg5 Qf1+ 0-1

[Event "SVK ECo-C Extraliga 2021-22"]
[Site "Slovakia"]
[Date "2022.06.12"]
[Round "11.6"]
[White "Zpevak, Pavel"]
[Black "Smolen, Jan"]
[Result "1/2-1/2"]
[WhiteElo "2373"]
[BlackElo "2410"]
[Annotator "TA"]
[PlyCount "39"]
[EventDate "2021.10.21"]
[EventType "team-tourn"]
[EventCountry "SVK"]
[SourceTitle "playchess.com"]
[Source "ChessBase"]
[SourceQuality "1"]

1. d4 d5 2. c4 dxc4 3. Nf3 Nf6 4. e3 b5 5. a4 b4 6. Bxc4 e6 7. O-O Be7 8. b3 O-O 9. Bb2 Bb7 10. Nbd2 c5 11. Rc1 Nbd7 12. Qe2 Qa5 13. Rfd1 Rac8 14. Bb5 a6 15. Bd3 cxd4 16. Nc4 Qh5 17. Nxd4 Qxe2 18. Bxe2 Nc5 19. f3 Rfd8 20. Rc2 1/2-1/2

[Event "SVK ECo-C Extraliga 2021-22"]
[Site "Slovakia"]
[Date "2022.06.12"]
[Round "11.6"]
[White "Kopera, Michal"]
[Black "Halak, Miklos"]
[Result "1/2-1/2"]
[WhiteElo "2135"]
[BlackElo "2251"]
[Annotator "TA"]
[PlyCount "85"]
[EventDate "2021.10.21"]
[EventType "team-tourn"]
[EventCountry "SVK"]
[SourceTitle "playchess.com"]
[Source "ChessBase"]
[SourceQuality "1"]

1. e4 g6 2. d4 Bg7 3. Nf3 d6 4. Be2 a6 5. c3 Nf6 6. Qc2 O-O 7. h3 b6 8. Bf4 Bb7 9. Nbd2 Nbd7 10. O-O e6 11. Bh2 d5 12. e5 Ne8 13. Rfe1 c5 14. Nf1 Rc8 15. Qd2 Nc7 16. Bf4 b5 17. Ne3 f6 18. exf6 Nxf6 19. Ng4 Ne4 20. Qe3 cxd4 21. cxd4 Ne8 22. Bh6 N8d6 23. Bxg7 Kxg7 24. Rac1 Qb6 25. Rxc8 Bxc8 26. Rc1 Nc4 27. Bxc4 bxc4 28. Qa3 Qd6 29. Qxd6 Nxd6 30. b3 a5 31. bxc4 Nxc4 32. Nge5 Ba6 33. Re1 Nxe5 34. Nxe5 Rc8 35. Re3 Rc1+ 36. Kh2 Rc2 37. Ra3 Rxf2 38. Rxa5 Bc4 39. Ra7+ Kg8 40. Ra8+ Kg7 41. Ra7+ Kg8 42. Ra8+ Kg7 43. Ra7+ 1/2-1/2

[Event "SVK ECo-C Extraliga 2021-22"]
[Site "Slovakia"]
[Date "2022.06.12"]
[Round "11.7"]
[White "Borosova, Zuzana"]
[Black "Veres, Andrej"]
[Result "1/2-1/2"]
[WhiteElo "2259"]
[BlackElo "2185"]
[Annotator "TA"]
[PlyCount "28"]
[EventDate "2021.10.21"]
[EventType "team-tourn"]
[EventCountry "SVK"]
[SourceTitle "playchess.com"]
[Source "ChessBase"]
[SourceQuality "1"]

1. e4 e5 2. Nf3 Nc6 3. Bc4 Bc5 4. c3 Nf6 5. d3 d6 6. O-O O-O 7. Nbd2 a6 8. Bb3 Ba7 9. Nc4 Be6 10. Be3 Bxc4 11. Bxc4 Na5 12. Bb3 Nxb3 13. Qxb3 Bxe3 14. fxe3 b5 1/2-1/2

[Event "SVK ECo-C Extraliga 2021-22"]
[Site "Slovakia"]
[Date "2022.06.12"]
[Round "11.7"]
[White "Brnusak, Tomas"]
[Black "Czebe, Attila"]
[Result "0-1"]
[WhiteElo "2212"]
[BlackElo "2366"]
[Annotator "TA"]
[PlyCount "96"]
[EventDate "2021.10.21"]
[EventType "team-tourn"]
[EventCountry "SVK"]
[SourceTitle "playchess.com"]
[Source "ChessBase"]
[SourceQuality "1"]

1. e4 c5 2. Nf3 Nc6 3. d4 cxd4 4. Nxd4 Nf6 5. Nc3 e6 6. Nxc6 bxc6 7. e5 Nd5 8. Ne4 Qc7 9. f4 f5 10. exf6 Nxf6 11. Nxf6+ gxf6 12. Bd3 h5 13. O-O f5 14. Qe1 Be7 15. Qe5 Qxe5 16. fxe5 Bc5+ 17. Kh1 Bd4 18. Re1 h4 19. c3 Bb6 20. a4 a5 21. Be3 Bxe3 22. Rxe3 Bb7 23. Be2 c5 24. Rd1 h3 25. Bf3 hxg2+ 26. Kxg2 Bxf3+ 27. Rxf3 Rb8 28. Rd2 Rh4 29. Rh3 Rxh3 30. Kxh3 Ke7 31. Kg3 Rg8+ 32. Kf3 Rg4 33. b3 c4 34. b4 axb4 35. cxb4 c3 36. Rc2 Rxb4 37. Rxc3 Rxa4 38. Kg3 Rg4+ 39. Kf3 Rd4 40. Rc8 Re4 41. Rc5 d5 42. Rc7+ Kf8 43. h3 d4 44. Kg3 Ke8 45. h4 d3 46. Rc6 Rd4 47. Rc1 d2 48. Rd1 Kf7 0-1

[Event "SVK ECo-C Extraliga 2021-22"]
[Site "Slovakia"]
[Date "2022.06.12"]
[Round "11.7"]
[White "Berta, Sandor"]
[Black "Koren, Jan"]
[Result "0-1"]
[WhiteElo "2054"]
[BlackElo "2088"]
[Annotator "TA"]
[PlyCount "186"]
[EventDate "2021.10.21"]
[EventType "team-tourn"]
[EventCountry "SVK"]
[SourceTitle "playchess.com"]
[Source "ChessBase"]
[SourceQuality "1"]

1. e4 c6 2. d4 d5 3. e5 Bf5 4. h4 h6 5. g4 Be4 6. f3 Bg6 7. h5 Bh7 8. e6 fxe6 9. Bd3 Qd6 10. Bxh7 Qg3+ 11. Kf1 Rxh7 12. Rh3 Qd6 13. Qd3 Nf6 14. Qg6+ Kd8 15. f4 Rh8 16. Nf3 Qb4 17. c3 Qb5+ 18. Ke1 Nbd7 19. Ne5 Nxe5 20. fxe5 Ne4 21. Na3 Qb6 22. Qxe6 Rb8 23. Rf3 Kc7 24. Rb1 Rd8 25. Nc2 c5 26. Qf7 Kb8 27. dxc5 Nxc5 28. Be3 e6 29. b4 Nd3+ 30. Kd2 d4 31. Kxd3 Qb5+ 32. Kd2 dxe3+ 33. Kc1 e2 34. Re3 a5 35. a3 Bxb4 36. axb4 Rhf8 37. Qxe6 Rf1+ 38. Kb2 Rdd1 39. Na3 Rxb1+ 40. Nxb1 e1=Q 41. Rxe1 Rxe1 42. Qd6+ Ka7 43. Qd4+ b6 44. Na3 Re2+ 45. Kb1 Qxe5 46. Qd7+ Kb8 47. Qd8+ Kb7 48. Qd7+ Qc7 49. Qd5+ Qc6 50. Qf7+ Kc8 51. Qg8+ Qe8 52. Qc4+ Kb8 53. Qf4+ Kb7 54. Nc4 Re1+ 55. Kc2 Qe2+ 56. Nd2 a4 57. Qf7+ Qe7 58. Qd5+ Kc7 59. Qc4+ Kb8 60. Qc6 Qc7 61. Qxa4 Re2 62. Qb5 Rg2 63. Qe8+ Ka7 64. Qe6 Rf2 65. Qa2+ Kb8 66. Qg8+ Kb7 67. Qd5+ Qc6 68. Qd4 Rf7 69. Nc4 Rd7 70. Qf4 Qd5 71. Nb2 Rf7 72. Qg3 Qe4+ 73. Kb3 Qd5+ 74. Kc2 Rf3 75. Qe1 Rf7 76. Qg3 Qe4+ 77. Kb3 Rf3 78. Qd6 Qxg4 79. Qd5+ Kc7 80. Nc4 Rf6 81. Qe5+ Kd7 82. Qd5+ Ke7 83. Qb7+ Qd7 84. Qb8 b5 85. Nb2 Qd5+ 86. Kc2 Rf2+ 87. Kb1 Qd2 88. Qb7+ Kf6 89. Qc6+ Kf7 90. Qb7+ Kg8 91. Qa8+ Rf8 92. Qc6 Qe2 93. Qd5+ Kh8 0-1

[Event "SVK ECo-C Extraliga 2021-22"]
[Site "Slovakia"]
[Date "2022.06.12"]
[Round "11.8"]
[White "Csonka, Attila Istvan"]
[Black "Holly, Andrej"]
[Result "1-0"]
[WhiteElo "2320"]
[BlackElo "2214"]
[Annotator "TA"]
[PlyCount "101"]
[EventDate "2021.10.21"]
[EventType "team-tourn"]
[EventCountry "SVK"]
[SourceTitle "playchess.com"]
[Source "ChessBase"]
[SourceQuality "1"]

1. e4 e6 2. d4 d5 3. Nd2 c5 4. Ngf3 cxd4 5. Nxd4 Nc6 6. Bb5 Bd7 7. Nxc6 bxc6 8. Bd3 Bd6 9. Qe2 Ne7 10. Nf3 Ng6 11. e5 Bc7 12. O-O O-O 13. c3 f6 14. Bxg6 hxg6 15. Qd3 fxe5 16. Ng5 Rf5 17. Qg3 Qf6 18. Qh4 Re8 19. g4 Rf4 20. Be3 Bd6 21. Rae1 e4 22. f3 exf3 23. Bxf4 Bxf4 24. Qh7+ Kf8 25. Rxf3 Qxg5 26. Rxf4+ Qxf4 27. Rf1 Qxf1+ 28. Kxf1 Kf7 29. Qh4 Rb8 30. Qf2+ Ke7 31. Qxa7 Rf8+ 32. Kg2 Rf4 33. h3 e5 34. a4 d4 35. Qc5+ Ke6 36. cxd4 Rxd4 37. a5 Rd2+ 38. Kg1 Rxb2 39. a6 Rb5 40. Qc3 c5 41. a7 Rb1+ 42. Kf2 Bc6 43. Qxc5 Rb2+ 44. Ke1 Bh1 45. a8=Q Bxa8 46. Qc8+ Kf6 47. Qd8+ Kf7 48. Qxa8 Rh2 49. Qd5+ Kf8 50. h4 e4 51. Qd6+ 1-0

[Event "SVK ECo-C Extraliga 2021-22"]
[Site "Slovakia"]
[Date "2022.06.12"]
[Round "11.8"]
[White "Rucek, Kristian"]
[Black "Szucs, Vladimir"]
[Result "1-0"]
[WhiteElo "2109"]
[BlackElo "2117"]
[Annotator "TA"]
[PlyCount "51"]
[EventDate "2021.10.21"]
[EventType "team-tourn"]
[EventCountry "SVK"]
[SourceTitle "playchess.com"]
[Source "ChessBase"]
[SourceQuality "1"]

1. d4 d5 2. c4 e6 3. Nf3 Nf6 4. Nc3 Be7 5. Bf4 O-O 6. e3 Nbd7 7. c5 c6 8. Be2 b6 9. b4 a5 10. a3 Ba6 11. Bxa6 Rxa6 12. b5 cxb5 13. c6 Bxa3 14. Rxa3 b4 15. Rb3 bxc3 16. cxd7 Ne4 17. Qd3 Ra7 18. Ne5 Rc7 19. Qc2 f6 20. Nd3 Rxd7 21. f3 g5 22. Bg3 Nxg3 23. hxg3 Qc7 24. Kf2 Rc8 25. Rc1 Qb7 26. Nc5 1-0

[Event "SVK ECo-C Extraliga 2021-22"]
[Site "Slovakia"]
[Date "2022.06.12"]
[Round "11.8"]
[White "Stauder, Matej"]
[Black "Bojtos, Patrik"]
[Result "1/2-1/2"]
[WhiteElo "2102"]
[BlackElo "1986"]
[Annotator "TA"]
[PlyCount "99"]
[EventDate "2021.10.21"]
[EventType "team-tourn"]
[EventCountry "SVK"]
[SourceTitle "playchess.com"]
[Source "ChessBase"]
[SourceQuality "1"]

1. e4 c5 2. Nf3 g6 3. d4 cxd4 4. Nxd4 Bg7 5. Nc3 Nc6 6. Be3 Nf6 7. f3 O-O 8. Bb5 a6 9. Ba4 Qb6 10. Rb1 Nxe4 11. Bxc6 Nxc3 12. bxc3 Qc7 13. Be4 d5 14. Bxd5 Rd8 15. Ne2 Bxc3+ 16. Kf2 Ba5 17. Qd4 e6 18. Bh6 f6 19. Qxf6 exd5 20. Nd4 Qf7 21. Qe5 Re8 22. Qd6 Rd8 23. Qa3 Qc7 24. Rb3 b5 25. Re3 Bb6 26. c3 Bc5 27. Qb2 Bf5 28. Qe2 Bxd4 29. cxd4 Qc2 30. Qxc2 Bxc2 31. Rc1 Rac8 32. Re6 a5 33. Rb6 Bd3 34. Rc5 Bc4 35. a3 Rb8 36. Rcc6 b4 37. axb4 axb4 38. Bf4 Rxb6 39. Rxb6 b3 40. Bc1 Re8 41. Kg3 Re2 42. Kf4 Rc2 43. Ba3 Rxg2 44. Ke5 Rg5+ 45. Ke6 Rf5 46. Rb8+ Kg7 47. Rb7+ Kg8 48. Rb8+ Kg7 49. Rb7+ Kg8 50. Be7 1/2-1/2